000 00600cam a22002291 4500
001 sa 68016765
003 DLC
005 20260227112657.0
008 770728s1967 io 000 0 ind
010 _asa 68016765
035 _a(OCoLC)3144873
040 _aDLC
_cOAU
_dDLC
042 _apremarc
050 0 0 _aV24
_b.I49
110 1 _aIndonesia.
_bBiro Klasifikasi.
245 1 0 _aKamus istilah bangunan-kapal.
260 _a[Djakarta]
_c1967.
300 _a65 l.
_c33 cm.
500 _aCover title.
650 0 _aShips
_vDictionaries.
650 0 _aEnglish language
_xDictionaries
_xIndonesian.
999 _c87295
_d87295